|
|
|
|
| LEADER |
00986nam a22002652a 4500 |
| 001 |
000421225 |
| 003 |
CZ BrMZK |
| 005 |
20050712084333.0 |
| 007 |
ta |
| 008 |
990307s1977 xr f eng d |
| 040 |
|
|
|a ABA001
|b cze
|d ABA001
|d BOA001
|
| 080 |
|
|
|a 655.533
|2 undef
|
| 080 |
|
|
|a 82-93
|2 undef
|
| 100 |
1 |
|
|a Stehlíková, Blanka,
|d 1933-
|7 jk01121022
|4 aut
|
| 245 |
1 |
0 |
|a Illustrations in Czech and Slovak books for Children =
|b Illustrations du livre pour enfants tchèque et slovaque /
|c Blanka Stehlíková
|
| 246 |
3 |
1 |
|a Illustrations du livre pour enfants tchèque et slovaque
|
| 260 |
|
|
|a Praha :
|b Společnost přátel knihy pro mládež,
|c 1977
|
| 300 |
|
|
|a 181 s. :
|b obr. ;
|c 20 cm
|
| 500 |
|
|
|a Neprodejné
|
| 546 |
|
|
|a Souběž. text v angl., ruš., něm. a franc
|
| 655 |
|
7 |
|a studie
|7 fd133597
|2 czenas
|
| 910 |
|
|
|a BOA001
|b PK-0081.789
|
| 990 |
|
|
|a BK
|
| 991 |
|
|
|b 200507
|
| 996 |
7 |
|
|b 3119825380
|c PK-0081.789
|l MZK
|r Sklad / do 1 hodiny
|n 1
|w 000421225
|u 000010
|a 1
|e BOA001
|j MZK50
|s A
|